00520nam a2200193 a 4500001001300000003000900013005001700022008004100039020000900080082001600089100001800105245004600123260004900169300000900218500003500227650002900262650001700291700001800308nice12345678IN_TiNIC20260116013406.0070802s1993 mada grp 000 0 eng  ac4000a275.4bAPP1 aAppasamy, A J aA.J. Appasamy Speaks to the Indian Church aMadras bChristian Literature Society c1993 a184p aincludes index and biblioraphy aChristian Theology-India aChurch-India1 aAppasamy, A J